000 00592nam a2200205Ia 4500
008 240729s9999 xx 000 0 und d
022 _a2601-0968
245 0 _aRevista de Management Comparat International
260 _aRomania
260 _bEditura ASE
650 _a Business
650 _a Business records management
650 _a Commerce
650 _a Economic theory. Demography
650 _a Economics as a science | Social Sciences
650 _aSocial Sciences
856 _uhttps://doaj.org/toc/27b68d9aa4444f34b773942d1c095cbb
942 _2ddc
942 _cDOAJEJ
999 _c72176
_d72176
945 _a1
_bMadushi Gamage
_c1
_dMadushi Gamage